000 01185cam a2200337 a 4500
020 _a0071004556
082 0 0 _a620.104
_bBEE
_cL-1, P-03.
100 _aBeer, Ferdinand P.
_91378
245 0 0 _aVector mechanics for engineers :
_bdynamics
_cFerdinand P. Beer ... [et al.].
250 _a2nd SI metric ed.
260 _aBoston :
_bMcGraw-Hill Higher Education,
_cc1990.
300 _axviii, 1045 p. :
_bill. (some col.) ;
_c26 cm.
526 _a0
_b0
_c0
_d620_104000000000000_BEE
526 _a0
_b0
_c0
_d620_104000000000000_BEE
526 _a0
_b0
_c0
_d620_104000000000000_BEE
526 _a0
_b0
_c0
_d620_104000000000000_BEE
526 _a0
_b0
_c0
_d620_104000000000000_BEE
526 _a0
_b0
_c0
_d620_104000000000000_BEE
526 _a0
_b0
_c0
_d620_104000000000000_BEE
526 _a0
_b0
_c0
_d620_104000000000000_BEE
526 _a0
_b0
_c0
_d620_104000000000000_BEE
526 _a0
_b0
_c0
_d620_104000000000000_BEE
650 0 _aDynamics.
_97202
650 0 _aMCE
_9379
650 0 _aMechanics, Applied.
_913090
650 0 _aStatics.
_91020
650 0 _aVector analysis.
_91184
700 1 _aBeer, Ferdinand P.
_91378
700 1 _aBeer, Ferdinand P.
_91378
942 _2ddc
_cBKB
999 _c544400
_d544400